000
00300nam a22001337a 4500
008
170927b xxu||||| |||| 00| 0 eng d
020
_a
0131888552
041
_a
eng
080
_a
37
100
_a
47
101
_a
EDU
245
_a
THE CRAFT OF SCIENTIFIC WRITING
_c
ALLEY.M
942
_2
udc
_c
BK
999
_c
30220
_d
30220